Parody : critical concepts versus literary practices : Aristophanes to Sterne /

Bibliographic Details
Main Author: Dane, Joseph A.
Format: Book
Language:English
Published: Norman : University of Oklahoma Press, [1988]
Edition:1st ed.
Subjects:

MARC

Tag First Indicator Second Indicator Subfields
LEADER 00000cam a2200000 a 4500
001 in00000032178
005 20151007060421.0
008 870908s1988 oku b s00110 eng
010 |a  87026492  
020 |a 0806121106 (jacket : alk. paper) 
035 |a (OCoLC)16832331 
035 |9 AAC0799AM 
040 |a DLC  |c DLC  |d TXA  |d UtOrBLW 
049 |a TXAM  |c [A11509195] 
050 0 0 |a PN6149.P3  |b D36 1988 
082 0 |a 809.7  |2 19 
100 1 |a Dane, Joseph A. 
245 1 0 |a Parody :  |b critical concepts versus literary practices : Aristophanes to Sterne /  |c by Joseph A. Dane. 
250 |a 1st ed. 
264 1 |a Norman :  |b University of Oklahoma Press,  |c [1988] 
264 4 |c ©1988 
300 |a vii, 261 pages ;  |c 22 cm. 
336 |a text  |b txt  |2 rdacontent 
337 |a unmediated  |b n  |2 rdamedia 
338 |a volume  |b nc  |2 rdacarrier 
504 |a Bibliography: pages 241-253. 
500 |a Includes index. 
650 0 |a Parody. 
999 |a MARS 
999 f f |s 38e8fe9d-42be-3e61-9f73-3bbb55a2bfac  |i a04ba3ba-a05a-33c9-9eb9-8e9f7e19e342  |t 0 
952 f f |p ric  |a Texas A&M University  |b Rellis Campus  |c Joint Library Facility  |d Remote Storage  |t 0  |e PN6149.P3 D36 1988  |h Library of Congress classification  |i unmediated -- volume  |m A14811509195 
998 f f |a PN6149.P3 D36 1988  |t 0  |l Remote Storage